000 00576nam a2200169 4500
001 116016
003 ES-MaACL
005 20230906190620.0
007 t|
008 061121s1964 sp r ||||1| spa d
100 1 _aOvidio Nasón, Publio.
_988013
245 1 3 _aEl arte de amar y Las metamorfosis /
_cPublio Ovidio Nason , [traducción, prólogo y notas por José Manuel García de la Mora].
260 _aBarcelona :
_bVergara,
_c1964.
300 _a892 p. 11 lám. ;
_c18 cm.
700 1 _aGarcía de la Mora, José Manuel.
_954451
852 _aES-MaACL
_jF-7309
_bR.56192
999 _c116016
_d116016